Normal view
MARC view
Entry Personal Name
001 - CONTROL NUMBER
- control field: 41773
003 - CONTROL NUMBER IDENTIFIER
- control field: ARRUPE
005 - DATE AND TIME OF LATEST TRANSACTION
- control field: 20180712092637.0
008 - FIXED-LENGTH DATA ELEMENTS
- fixed length control field: 180712|| aca||aabn | a|a d
040 ## - CATALOGING SOURCE
- Original cataloging agency: ARRUPE
- Transcribing agency: ARRUPE
100 ## - HEADING--PERSONAL NAME
- Personal name: Petrarca, Francesco,
- Dates associated with a name: 1304-1374.
670 ## - SOURCE DATA FOUND
- Source citation: Work cat.: (ARRUPE)0: Petrarca, Francesco, 1304-1374., Petrarch's Book without a name;, 1973.